| 000 | 01352nam a2200241 a 4500 | ||
|---|---|---|---|
| 008 | 160425s2010 ||||||||||||||||| || u | ||
| 020 | _a9781849200981 | ||
| 050 | _aHA 29 Bur | ||
| 100 | _aBurdess, Neil | ||
| 245 | 1 | 0 |
_aStarting statistics: a short, clear guide _cBy Neil Burdess |
| 260 |
_aLos Angeles _bSAGE Publications _c2010 |
||
| 300 | _ax, 187p.: ill. | ||
| 350 | _a46.00 | ||
| 500 | _aREFERENCES | ||
| 650 | 0 | _aSOCIAL SCIENCES--STATISTICAL METHODS | |
| 650 | _aSOCIAL SCIENCES -- STATISTICAL METHODS | ||
| 650 | 7 |
_aSTATISTICS _2fast |
|
| 995 |
_aMAIN LIBRARY OPEN ACCESS _e744476 _FCBU-MAIN LIBRARY (Kitwe) _jHA 29 Bur _M1 _UAVAILABLE _WSep 17, 2013 _y744476 _ZMain Library Open Access Collection |
||
| 995 |
_aANNEX COLLECTION (Main Library) _e746445 _FCBU-MAIN LIBRARY (Kitwe) _I46.00 _jHA 29 Bur _M4 _UAVAILABLE _WMay 12, 2016 _y746445 _ZAnnex Low-Usage Collection |
||
| 995 |
_aMAIN LIBRARY OPEN ACCESS _e744477 _FCBU-MAIN LIBRARY (Kitwe) _jHA 29 Bur _M2 _UAVAILABLE _WSep 17, 2013 _y744477 _ZMain Library Open Access Collection |
||
| 995 |
_aMAIN LIBRARY OPEN ACCESS _e744478 _FCBU-MAIN LIBRARY (Kitwe) _jHA 29 Bur _M3 _UAVAILABLE _WSep 17, 2013 _y744478 _ZMain Library Open Access Collection |
||
| 995 |
_aANNEX COLLECTION (Main Library) _e746149 _FCBU-MAIN LIBRARY (Kitwe) _I46.00 _jHA 29 Bur _M1 _UAVAILABLE _WMay 5, 2016 _y746149 _ZAnnex Low-Usage Collection |
||
| 999 |
_c76747 _d76747 |
||